Die verborgene Weisheit: (Wege zum transzendentalen Bewusstsein); mit praktischer Anleitung in psychotherapeutischen Methoden und Yoga-Übungen
| Authors: | ; |
|---|---|
| Format: | Print Book |
| Language: | German |
| Subito Delivery Service: | Order now. |
| Check availability: | HBZ Gateway |
| WorldCat: | WorldCat |
| Interlibrary Loan: | Interlibrary Loan for the Fachinformationsdienste (Specialized Information Services in Germany) |
| Published: |
Wuppertal [u.a.]
Henn
1971
|
| In: |
Schriftenreihe Religionspädagogik und Erwachsenenbildung (3)
Year: 1971 |
| Series/Journal: | Schriftenreihe Religionspädagogik und Erwachsenenbildung
3 |
| Standardized Subjects / Keyword chains: | B
Religious psychology
|
| Further subjects: | B
Zen
B K. a. Religion / India B Secret lore |
MARC
| LEADER | 00000cam a22000002c 4500 | ||
|---|---|---|---|
| 001 | 1112165134 | ||
| 003 | DE-627 | ||
| 005 | 20240430203239.0 | ||
| 007 | tu | ||
| 008 | 941123s1971 xx ||||| 00| ||ger c | ||
| 015 | |a 72,A26,0059 |2 dnb | ||
| 035 | |a (DE-627)1112165134 | ||
| 035 | |a (DE-576)04216513X | ||
| 035 | |a (DE-599)BSZ04216513X | ||
| 035 | |a (OCoLC)311895183 | ||
| 040 | |a DE-627 |b ger |c DE-627 |e rakwb | ||
| 041 | |a ger | ||
| 084 | |a 0 |2 ssgn | ||
| 084 | |a BE 8050 |2 rvk |0 (DE-625)rvk/10676:216 | ||
| 084 | |a BH 7200 |2 rvk |0 (DE-625)rvk/11741: | ||
| 100 | 1 | |0 (DE-588)119512246 |0 (DE-627)080328199 |0 (DE-576)170468690 |4 aut |a Saher, Purvezji J. |d 1932-2011 | |
| 109 | |a Saher, Purvezji J. 1932-2011 |a Saher, Purvez 1932-2011 |a Saher, P. J. 1932-2011 |a Saher, Purvez J.K. 1932-2011 |a Saher, Purvez Ji. K. 1932-2011 |a Saher, Parwes Ji K. 1932-2011 |a Saher, Purvezji Jamshedji 1932-2011 |a Saher, Parwes J.K. 1932-2011 |a Saher, P.J. 1932-2011 | ||
| 245 | 1 | 4 | |a Die verborgene Weisheit |b (Wege zum transzendentalen Bewusstsein); mit praktischer Anleitung in psychotherapeutischen Methoden und Yoga-Übungen |c von P. J. Saher und Dharma Nirvana. Aus d. Ind. übers. u. f. d. abendländ. Leser umgestaltet von P. J. Saher. [Mit e. Vorw. von S. Radhakrishnan.] |
| 264 | 1 | |a Wuppertal [u.a.] |b Henn |c 1971 | |
| 300 | |a 440 S. | ||
| 336 | |a Text |b txt |2 rdacontent | ||
| 337 | |a ohne Hilfsmittel zu benutzen |b n |2 rdamedia | ||
| 338 | |a Band |b nc |2 rdacarrier | ||
| 490 | 1 | |a Schriftenreihe Religionspädagogik und Erwachsenenbildung |v 3 | |
| 583 | 1 | |a Archivierung prüfen |c 20200919 |f DE-640 |z 2 |2 pdager | |
| 583 | 1 | |a Archivierung/Langzeitarchivierung gewährleistet |c 20211213 |f SLG |x XA-DE-BW |z IGPP |2 pdager |5 DE-25 | |
| 583 | 1 | |a Archivierung/Langzeitarchivierung gewährleistet |f SSG |x XA-DE-BW |2 pdager |5 DE-21 | |
| 601 | |a Verborgenheit | ||
| 601 | |a Weisheit | ||
| 601 | |a transzendental | ||
| 601 | |a Bewusstsein | ||
| 601 | |a Psychotherapeut | ||
| 650 | 4 | |a Zen | |
| 650 | 4 | |a Geheimlehre | |
| 650 | 4 | |a Indien / K. a. Religion | |
| 689 | 0 | 0 | |d s |0 (DE-588)4049418-4 |0 (DE-627)106187090 |0 (DE-576)20908197X |2 gnd |a Religionspsychologie |
| 689 | 0 | |5 (DE-627) | |
| 700 | 0 | |0 (DE-627)1242995641 |0 (DE-576)172995647 |4 aut |a Dharma Nirvana | |
| 830 | 0 | |a Schriftenreihe Religionspädagogik und Erwachsenenbildung |v 3 |9 3 |w (DE-627)1112165045 |w (DE-576)042165040 |7 am | |
| 935 | |a mteo | ||
| 936 | r | v | |a BE 8050 |b Gesamtdarstellungen |k Theologie und Religionswissenschaften |k Religionswissenschaft |k Religionsgeschichte |k Indien |k Yoga, Vedanta |k Gesamtdarstellungen |0 (DE-627)1270719173 |0 (DE-625)rvk/10676:216 |0 (DE-576)200719173 |
| 936 | r | v | |a BH 7200 |b Systematische Einzelfragen |k Theologie und Religionswissenschaften |k Evangelische Dogmatik |k Spezielle Dogmatik |k Soteriologie |k Systematische Einzelfragen |0 (DE-627)1272223639 |0 (DE-625)rvk/11741: |0 (DE-576)202223639 |
| 951 | |a BO | ||
| ELC | |b 1 | ||
| ITA | |a 1 |t 1 | ||
| LOK | |0 000 xxxxxcx a22 zn 4500 | ||
| LOK | |0 001 224332654X | ||
| LOK | |0 003 DE-627 | ||
| LOK | |0 004 1112165134 | ||
| LOK | |0 005 20010705000000 | ||
| LOK | |0 008 010705||||||||||||||||ger||||||| | ||
| LOK | |0 040 |a DE-21 |c DE-627 |d DE-21 | ||
| LOK | |0 852 |a DE-21 | ||
| LOK | |0 852 1 |c 13 A 8541 |9 00 | ||
| LOK | |0 935 |a konv | ||
| LOK | |0 939 |a 05-07-01 |b l01 | ||
| ORI | |a SA-MARC-ixtheoa001.raw | ||
| REL | |a 1 | ||
| STA | 0 | 0 | |a Religious psychology,Psychology of Religion,Religion,Secret lore |
| STB | 0 | 0 | |a Doctrine occulte,Psychologie des religions |
| STC | 0 | 0 | |a Doctrina secreta,Psicología de la religión |
| STD | 0 | 0 | |a Dottrina occulta,Psicologia della religione |
| STE | 0 | 0 | |a 宗教心理学,秘传教义 |
| STF | 0 | 0 | |a 宗教心理學,秘傳教義 |
| STG | 0 | 0 | |a Doutrina secreta,Psicologia da religião |
| STH | 0 | 0 | |a Психология религии,Тайное учение |
| STI | 0 | 0 | |a Μυστικό δόγμα,Απόκρυφο δόγμα,Ψυχολογία της θρησκείας |
| SUB | |a REL | ||



